[Event "London Classic Open 2016"]
[Site "London ENG"]
[Date "2016.12.09"]
[Round "1.26"]
[White "Makepeace, Philip J"]
[Black "Handke, Florian"]
[Result "0-1"]
[BlackTitle "GM"]
[WhiteElo "2077"]
[BlackElo "2515"]
[WhiteFideId "413550"]
[BlackFideId "4634527"]
[EventDate "2016.12.09"]

1. d4 Nf6 2. Nf3 g6 3. c4 Bg7 4. Nc3 d5 5. e3 O-O 6. Bd3 c5 7. h3 cxd4 8. exd4
dxc4 9. Bxc4 Nfd7 10. O-O Nb6 11. Bb3 Nc6 12. Be3 Na5 13. Bc2 Nac4 14. Bc1 Bd7
15. Re1 Rc8 16. a4 Nd6 17. Ne5 Be6 18. Bb3 Bxb3 19. Qxb3 Nf5 20. d5 Rc5 21. Qb4
Qc8 22. Nc6 Rxc3 23. bxc3 Nxd5 24. Qb3 Qxc6 25. Bd2 Nxc3 26. Kh1 Nh4 27. f3 Nxf3 0-1

[Event "London Classic Open 2016"]
[Site "London ENG"]
[Date "2016.12.09"]
[Round "1.27"]
[White "Bellahcene, Bilel"]
[Black "Villiers, Thomas"]
[Result "1-0"]
[WhiteTitle "IM"]
[WhiteElo "2496"]
[BlackElo "2073"]
[WhiteFideId "696358"]
[BlackFideId "427209"]
[EventDate "2016.12.09"]

1. d4 d5 2. c4 c6 3. Nf3 Nf6 4. e3 Bf5 5. Nc3 e6 6. Nh4 Be4 7. f3 Bg6 8. Bd2
Nbd7 9. Qb3 Qb6 10. Nxg6 hxg6 11. Bd3 Qxb3 12. axb3 Bd6 13. c5 Rxh2 14. Rxh2
Bxh2 15. Kf2 Bc7 16. b4 b5 17. Bxb5 cxb5 18. Nxb5 O-O-O 19. Nxa7+ Kb7 20. c6+
Kb8 21. cxd7 Rxd7 22. Nc6+ Kb7 23. b5 Bb6 24. Bb4 Ne8 25. Bc5 f6 26. Ra6 Bxc5
27. dxc5 Nc7 28. Rb6+ Ka8 29. Rb8# 1-0

[Event "London Classic Open 2016"]
[Site "London ENG"]
[Date "2016.12.09"]
[Round "1.28"]
[White "Abrahams, Daniel"]
[Black "Fodor, Tamas Jr."]
[Result "0-1"]
[BlackTitle "GM"]
[WhiteElo "2071"]
[BlackElo "2494"]
[WhiteFideId "2606879"]
[BlackFideId "723762"]
[EventDate "2016.12.09"]

1. c4 e6 2. Nf3 d5 3. g3 d4 4. Bg2 c5 5. O-O Nc6 6. d3 Be7 7. e3 Nf6 8. exd4
cxd4 9. a3 a5 10. Nbd2 O-O 11. Re1 Nd7 12. Rb1 Nc5 13. Qc2 a4 14. b4 axb3 15.
Nxb3 Na4 16. Ne5 Bd7 17. Nxd7 Qxd7 18. Bb2 Bf6 19. f4 Rfd8 20. Nd2 Ra7 21. Nf3
Qc7 22. Ba1 Nc5 23. Bb2 g6 24. Ng5 Na4 25. Rbc1 Qa5 26. Bh3 h6 27. Nxf7 Kxf7 28.
Bxe6+ Kf8 29. Bd5 Nc3 30. Bxc3 dxc3 31. d4 Bxd4+ 32. Kg2 Ne5 33. Rxe5 Bxe5 34.
Qxg6 Rxd5 35. fxe5 Rd2+ 36. Kh3 Ke7 37. Rf1 Kd8 38. Rf8+ Kc7 39. Rf7+ Kb8 40.
Rf8+ Rd8 41. Qd6+ Kc8 42. e6 Qf5+ 43. Rxf5 Rxd6 44. Rf8+ Kc7 45. e7 Re6 46. e8=Q
Rxe8 47. Rxe8 c2 48. Re1 Rxa3 49. Kg4 Rc3 50. Rc1 Kd6 51. Kf4 Kc5 52. g4 Kxc4
53. h4 Kb3 54. g5 hxg5+ 55. hxg5 Kb2 0-1

[Event "London Classic Open 2016"]
[Site "London ENG"]
[Date "2016.12.09"]
[Round "1.29"]
[White "Hebden, Mark L"]
[Black "Dushyant, Sharma"]
[Result "1-0"]
[WhiteTitle "GM"]
[WhiteElo "2492"]
[BlackElo "2066"]
[WhiteFideId "400084"]
[BlackFideId "25065130"]
[EventDate "2016.12.09"]

1. d4 Nf6 2. Nf3 e6 3. e3 c5 4. Bd3 cxd4 5. exd4 b6 6. O-O Bb7 7. c4 Be7 8. Nc3
O-O 9. d5 h6 10. Nd4 Bc5 11. Bc2 Na6 12. a3 Nc7 13. b4 Bxd4 14. Qxd4 exd5 15.
cxd5 Ncxd5 16. Nxd5 Bxd5 17. Bb2 Rc8 18. Rac1 Re8 19. Bd3 Be4 20. Ba6 Rxc1 21.
Rxc1 Bg6 22. f3 Qe7 23. Kf2 Qe6 24. h4 h5 25. Bc4 Qf5 26. Kg1 d5 27. Ba6 Kh7 28.
Qd2 Rd8 29. Bd4 Ne8 30. Qg5 f6 31. Qxf5 Bxf5 32. Kf2 Nd6 33. Rc6 Kg6 34. a4 Rd7
35. Ke3 Kf7 36. Kf4 Be6 37. a5 bxa5 38. bxa5 Nf5 39. Bf2 Ne7 40. Rc1 g5+ 41.
hxg5 Ng6+ 42. Ke3 fxg5 43. Kd4 Ne7 44. Be1 Kf6 45. Bb4 Nf5+ 46. Kd3 d4 47. Rc5
Ne7 48. Ba3 Nd5 49. Bc8 Nf4+ 50. Kd2 Rd5 51. Rxd5 Bxd5 52. Bc5 Nxg2 53. Bxa7 Ke7
54. a6 Nf4 55. Bb7 Kd7 56. Bb8 Bxb7 57. axb7 Kc6 58. Bxf4 Kxb7 59. Bxg5 Kc6 60.
Kd3 Kd5 61. f4 Ke6 62. Ke4 1-0

[Event "London Classic Open 2016"]
[Site "London ENG"]
[Date "2016.12.09"]
[Round "1.30"]
[White "Tiwari, Ashwani"]
[Black "Adair, James R"]
[Result "0-1"]
[WhiteTitle "FM"]
[BlackTitle "IM"]
[WhiteElo "2065"]
[BlackElo "2489"]
[WhiteFideId "5006961"]
[BlackFideId "406252"]
[EventDate "2016.12.09"]

1. e4 c5 2. Nc3 d6 3. f4 g6 4. Nf3 Bg7 5. Bb5+ Bd7 6. Bc4 Nc6 7. O-O e6 8. d3
Nge7 9. Be3 Nd4 10. Qd2 O-O 11. f5 b5 12. fxe6 fxe6 13. Bb3 Nec6 14. Ng5 Qe7 15.
Rxf8+ Rxf8 16. Rf1 Rxf1+ 17. Kxf1 a5 18. a4 b4 19. Nd1 Nxb3 20. cxb3 Nd4 21.
Bxd4 Bxd4 22. Nf3 Bg7 23. Ne3 Qf6 24. Nc4 d5 25. Ne5 Be8 26. Qe3 Qf8 27. exd5
exd5 28. d4 cxd4 29. Qxd4 Qd6 30. Ke2 Bd7 31. Qf4 Bf5 32. g4 Be6 33. Kd2 d4 34.
h3 Bxb3 35. Qe4 Qd5 36. Qf4 Bxa4 37. Nd3 h6 38. h4 Kh7 39. h5 gxh5 40. g5 hxg5
41. Nxg5+ Qxg5 0-1

[Event "London Classic Open 2016"]
[Site "London ENG"]
[Date "2016.12.09"]
[Round "1.31"]
[White "Hector, Jonny"]
[Black "Stanisz, Patryk"]
[Result "1-0"]
[WhiteTitle "GM"]
[WhiteElo "2488"]
[BlackElo "2064"]
[WhiteFideId "1700090"]
[BlackFideId "1123106"]
[EventDate "2016.12.09"]

1. e4 c5 2. Nf3 Nc6 3. Nc3 Nf6 4. Bb5 Qc7 5. d3 Nd4 6. Ba4 a6 7. Bg5 e6 8. Bxf6
gxf6 9. Nxd4 cxd4 10. Ne2 Qa5+ 11. c3 dxc3 12. bxc3 f5 13. exf5 Qxf5 14. O-O h5
15. d4 Rg8 16. Ng3 Qa5 17. d5 b5 18. Bb3 Qxc3 19. Rc1 Qg7 20. dxe6 dxe6 21. Qf3
Rb8 22. Nxh5 Bb7 23. Nxg7+ Rxg7 24. Rc6 1-0

[Event "London Classic Open 2016"]
[Site "London ENG"]
[Date "2016.12.09"]
[Round "1.32"]
[White "Burke, John S"]
[Black "Karthikeyan, P."]
[Result "0-1"]
[BlackTitle "IM"]
[WhiteElo "2055"]
[BlackElo "2474"]
[WhiteFideId "404322"]
[BlackFideId "5018226"]
[EventDate "2016.12.09"]

1. e4 Nc6 2. Nf3 e5 3. Bc4 Bc5 4. d3 Nf6 5. c3 d6 6. Bb3 Bb6 7. Nbd2 Ne7 8. Nf1
c6 9. Ng3 O-O 10. O-O Kh8 11. Be3 Ng6 12. h3 Qe8 13. Qd2 Bc7 14. Bg5 Ng8 15. d4
f6 16. Be3 a5 17. a4 Bd7 18. Nh2 Rd8 19. f4 d5 20. fxe5 fxe5 21. Rxf8 Qxf8 22.
Nhf1 exd4 23. cxd4 dxe4 24. Nxe4 Re8 25. Ng5 Nh6 26. Re1 Qf6 27. Nf3 Nf5 28. Bg5
Qd6 29. Rxe8+ Bxe8 30. Qd3 Nge7 31. Qe4 h6 32. Bxe7 Nxe7 33. Ne5 Bb6 34. Nf3 Bg6
35. Qg4 Bf5 36. Qh4 Ng6 37. Qe1 Bxd4+ 38. Kh1 Bb6 39. Qe8+ Qf8 40. Qxf8+ Nxf8
41. Bc4 Nd7 42. Kh2 g5 43. N1d2 Kg7 44. g4 Bc2 45. b3 Kf6 46. Kg2 Ne5 47. Nxe5
Kxe5 48. h4 gxh4 49. Kh3 Kd4 50. Nf3+ Kc3 0-1

[Event "London Classic Open 2016"]
[Site "London ENG"]
[Date "2016.12.09"]
[Round "1.33"]
[White "Bellaiche, Anthony"]
[Black "Jamroz, Krzysztof"]
[Result "1-0"]
[WhiteTitle "IM"]
[WhiteElo "2472"]
[BlackElo "2045"]
[WhiteFideId "615668"]
[BlackFideId "1111850"]
[EventDate "2016.12.09"]

1. d4 Nf6 2. c4 e6 3. Nc3 Bb4 4. e3 b6 5. Bd3 Bb7 6. Nf3 O-O 7. O-O d5 8. cxd5
exd5 9. a3 Bd6 10. b4 Nbd7 11. Qb3 a6 12. a4 c6 13. e4 dxe4 14. Nxe4 Nxe4 15.
Bxe4 Nf6 16. Bg5 Be7 17. Bxf6 Bxf6 18. Qc2 g6 19. Bxc6 Rc8 20. b5 Bxc6 21. bxc6
Qd5 22. c7 g5 23. Rfe1 g4 24. Ne5 Bxe5 25. Rxe5 Qxd4 26. Rae1 Qd6 27. Re7 b5 28.
axb5 axb5 29. g3 b4 30. Qc4 h5 31. Qb5 Rxc7 32. Qg5+ Kh7 33. Qxh5+ Kg7 34. Qxg4+
Kh7 35. Qh5+ Kg8 36. Qg5+ 1-0

[Event "London Classic Open 2016"]
[Site "London ENG"]
[Date "2016.12.09"]
[Round "1.34"]
[White "Prior, Stephen C V"]
[Black "Deepan, Chakkravarthy J."]
[Result "0-1"]
[BlackTitle "GM"]
[WhiteElo "2043"]
[BlackElo "2471"]
[WhiteFideId "423378"]
[BlackFideId "5011132"]
[EventDate "2016.12.09"]

1. d4 Nf6 2. Bf4 g6 3. e3 Bg7 4. Nf3 O-O 5. Be2 d6 6. O-O Nc6 7. Nc3 Nh5 8. Bg5
h6 9. Bh4 g5 10. Nd2 gxh4 11. Bxh5 e5 12. Nf3 Bf5 13. dxe5 Nxe5 14. Nxe5 dxe5
15. e4 Be6 16. Qe2 Qg5 17. Kh1 Rad8 18. Rad1 c6 19. a4 Rd4 20. Rxd4 exd4 21. Nb1
Qc5 22. b3 f5 23. e5 b5 24. axb5 cxb5 25. f4 a5 26. Rg1 Rc8 27. Bf3 a4 28. bxa4
bxa4 29. Qa6 Qc4 30. Qxc4 Rxc4 31. Na3 Rb4 32. g3 h3 33. Ra1 Bf8 34. Kg1 Rb2 35.
Kf1 Ra2 36. Rxa2 Bxa2 37. Nb5 Bc5 38. Be2 Be6 39. Ke1 a3 40. Nxa3 Bxa3 41. Bf1
Bc1 42. Bxh3 Be3 43. Bg2 Kf7 44. Bc6 h5 45. h4 Ke7 46. Ke2 Bd7 47. Bd5 Ba4 48.
c3 Bg1 49. cxd4 Bxd4 50. Kf3 Kd7 51. Bf7 Bd1+ 52. Kg2 Kc6 53. Bg6 Bg4 54. Bf7
Kc5 55. Bg6 Kc4 56. Be8 Kd3 57. Bc6 Ke2 58. Bb5+ Ke1 59. Bd7 Bf2 60. Be6 Bc5 61.
Bd7 Ke2 62. Bc6 Ke3 63. Bd5 Be2 64. Bc6 Bd3 65. Be8 Be4+ 66. Kh2 Kf2 67. Bd7 Bd4
68. Bb5 Bf3 69. Bd7 Kf1 70. Bb5+ Be2 71. Bc6 Bd3 72. Bg2+ Kf2 73. Bc6 Be4 74.
Bb5 Bc5 75. Be8 Bd5 76. Bb5 Kf3 77. Be8 Kg4 78. Bb5 Bf2 79. e6 Bxg3+ 80. Kg1
Bxe6 81. Be2+ Kxh4 82. Bf3 Bxf4 83. Kg2 Bc4 84. Bc6 Bd3 85. Be8 Be4+ 86. Kf2 Kg4
87. Bb5 h4 88. Kg1 Kg3 0-1

[Event "London Classic Open 2016"]
[Site "London ENG"]
[Date "2016.12.09"]
[Round "1.35"]
[White "Zhou, Yang-Fan"]
[Black "Brozel, Sacha"]
[Result "1-0"]
[WhiteTitle "IM"]
[WhiteElo "2470"]
[BlackElo "2035"]
[WhiteFideId "468584"]
[BlackFideId "429317"]
[EventDate "2016.12.09"]

1. e4 c5 2. Nf3 e6 3. b3 Nc6 4. Bb2 d6 5. Bb5 Bd7 6. O-O a6 7. Bxc6 Bxc6 8. Qe2
b5 9. d4 cxd4 10. Nxd4 Bb7 11. Nc3 Nf6 12. Rad1 Qc7 13. Rfe1 Be7 14. Nd5 exd5
15. exd5 O-O-O 16. Qxe7 Nxd5 17. Qxc7+ Kxc7 18. Nf5 Rd7 19. Nxg7 Rg8 20. g3 b4
21. Kf1 a5 22. Ne8+ Kd8 23. Nf6 Nxf6 24. Bxf6+ Kc7 25. Rd4 Rg6 26. Rf4 d5 27.
Re8 Kb6 28. h4 h5 29. Rh8 Rg4 30. Rxg4 hxg4 31. h5 d4 32. Rb8 Rd5 33. h6 Rh5 34.
Bxd4+ Kc7 35. Be5+ Kc6 36. Bf4 Ba6+ 37. Ke1 Kc5 38. Be3+ Kd5 39. Ra8 Rh1+ 40.
Kd2 Bb7 41. Rxa5+ Ke4 42. Rb5 Bc8 43. Rxb4+ 1-0

[Event "London Classic Open 2016"]
[Site "London ENG"]
[Date "2016.12.09"]
[Round "1.36"]
[White "Lentzos, Ioanis"]
[Black "Elsness, Frode"]
[Result "0-1"]
[BlackTitle "IM"]
[WhiteElo "2035"]
[BlackElo "2452"]
[WhiteFideId "4255470"]
[BlackFideId "1501100"]
[EventDate "2016.12.09"]

1. c4 Nf6 2. Nc3 e5 3. g3 d5 4. cxd5 Nxd5 5. Bg2 Nb6 6. Nf3 Nc6 7. O-O Be7 8.
Rb1 O-O 9. b4 f6 10. b5 Nd4 11. a4 a5 12. e3 Nxf3+ 13. Bxf3 Rb8 14. Qb3+ Kh8 15.
d4 Bf5 16. e4 Bh3 17. Rd1 exd4 18. Ne2 Qc8 19. Nxd4 Nd7 20. Nf5 Bb4 21. Be2 Nc5
22. Qf3 Nxe4 23. Rxb4 axb4 24. g4 Nc3 25. Re1 g6 26. Nh6 Qe6 27. Be3 Rbd8 28.
Qxh3 Nxe2+ 29. Rxe2 Rd1+ 30. Kg2 Qe4+ 31. Qf3 Rg1+ 32. Kxg1 Qxf3 33. Rd2 Re8 34.
g5 Rf8 35. Bd4 Qf4 36. Be3 Qe4 37. Rd7 Qe6 38. Rxc7 b3 39. Rc1 b2 40. Re1 Qe4
41. gxf6 b1=Q 42. Rxb1 Qxb1+ 43. Kg2 Rxf6 0-1

[Event "London Classic Open 2016"]
[Site "London ENG"]
[Date "2016.12.09"]
[Round "1.38"]
[White "Fischer, Daniel"]
[Black "Bartholomew, John"]
[Result "1/2-1/2"]
[BlackTitle "IM"]
[WhiteElo "2024"]
[BlackElo "2448"]
[WhiteFideId "1328360"]
[BlackFideId "2019353"]
[EventDate "2016.12.09"]

1. e4 c5 2. Nf3 e6 3. d4 cxd4 4. Nxd4 a6 5. Bd3 Nf6 6. O-O Qc7 7. Qe2 d6 8. c4
g6 9. Nc3 Bg7 10. Rd1 O-O 11. Be3 b6 12. Rac1 Bb7 13. Nf3 Nbd7 14. Bf4 Nh5 15.
Bg5 h6 16. Be3 Rac8 17. Qd2 Kh7 18. Bf1 Bxc3 19. Rxc3 Ndf6 20. Bxh6 Rfd8 21.
Ng5+ Kg8 22. f3 Qe7 23. Nh3 d5 24. cxd5 exd5 25. Rxc8 Rxc8 26. exd5 Nxd5 27. Qd4
b5 28. Nf2 Kh7 29. Bd2 Ng7 30. Re1 Ne6 31. Qe5 Qf6 32. Ng4 Qxe5 33. Nxe5 Kg7 34.
Rc1 Re8 35. Nd3 Nd4 36. Kf2 Bc8 37. Nb4 Nxb4 38. Bxb4 Kg8 39. Bc3 Nf5 40. Re1
Be6 41. Ra1 Rc8 42. a3 Ne7 43. Bd3 Nd5 44. Bd2 Nb6 45. Bc3 Nd5 46. Bd2 Nb6 47.
Bc3 Nd5 1/2-1/2

[Event "London Classic Open 2016"]
[Site "London ENG"]
[Date "2016.12.09"]
[Round "1.39"]
[White "Nasuta, Grzegorz"]
[Black "Mladek, Richard"]
[Result "1-0"]
[WhiteTitle "IM"]
[WhiteElo "2448"]
[BlackElo "2024"]
[WhiteFideId "1141686"]
[BlackFideId "386588"]
[EventDate "2016.12.09"]

1. e4 c5 2. Nf3 g6 3. d4 cxd4 4. Nxd4 Bg7 5. c4 Nc6 6. Be3 d6 7. Nc3 Nf6 8. Be2
O-O 9. O-O Bd7 10. Qd2 Nxd4 11. Bxd4 Bc6 12. f3 a5 13. b3 Nd7 14. Be3 Nc5 15.
Rac1 e6 16. Rfd1 Be5 17. Bf1 Qe7 18. Nb5 b6 19. Bg5 f6 20. Bh6 Rfd8 21. f4 Bxb5
22. cxb5 Nxe4 23. Qe3 Nc3 24. fxe5 Nxd1 25. exf6 Qxf6 26. Rxd1 Rd7 27. Bg5 Qf5
28. Bd3 Qc5 29. Rc1 Qe5 30. Qxe5 dxe5 31. Bc4 Re8 32. Re1 Kg7 33. Rxe5 h6 34.
Be3 Kf6 35. Re4 Rd1+ 36. Kf2 Kf5 37. Rf4+ Ke5 38. Rf7 Ra1 39. a4 Ra2+ 40. Kg3
Rd8 41. Bxb6 Rdd2 42. Bc7+ 1-0

[Event "London Classic Open 2016"]
[Site "London ENG"]
[Date "2016.12.09"]
[Round "1.40"]
[White "Ditmas, Hugh"]
[Black "Arkell, Keith C"]
[Result "1/2-1/2"]
[BlackTitle "GM"]
[WhiteElo "2018"]
[BlackElo "2447"]
[WhiteFideId "1270666"]
[BlackFideId "400270"]
[EventDate "2016.12.09"]

1. d4 Nf6 2. c4 e6 3. Nf3 b6 4. g3 Ba6 5. Qc2 b5 6. cxb5 Bxb5 7. Nc3 Ba6 8. Bg2
Be7 9. O-O O-O 10. Re1 d5 11. Bg5 h6 12. Bxf6 Bxf6 13. Na4 Bb5 14. e3 a5 15.
Rac1 Na6 16. Bf1 Nb4 17. Qb3 Bxf1 18. Rxf1 Ra7 19. a3 Na6 20. Rc2 Qd7 21. Nc5
Nxc5 22. Rxc5 a4 23. Qb5 Qxb5 24. Rxb5 c6 25. Rb6 Rc8 26. Rc1 Rac7 27. Rc5 Be7
28. Ra5 c5 29. Rxa4 cxd4 30. Nxd4 Bc5 31. Rb5 Bxd4 32. Rxd4 Rc1+ 33. Kg2 R8c2
34. Rb8+ Kh7 35. Rb7 g5 36. Rxf7+ Kg6 37. Rf8 Re1 38. Rf3 Rxb2 39. g4 Rbb1 40.
Ra4 Rg1+ 41. Kh3 h5 42. gxh5+ Kxh5 43. Rg3 e5 44. Ra8 g4+ 45. Rxg4 Rxg4 46. Rh8+
Kg5 47. Rg8+ Kf5 48. Rxg4 Rb3 49. Rg3 Rb8 50. Kg2 Ke4 51. Rg4+ Kd3 52. Rb4 Ra8
53. a4 d4 54. exd4 exd4 55. h4 Kc3 56. Rb7 d3 57. Rc7+ Kd2 58. Rc4 Ke2 59. Re4+
Kd1 60. h5 d2 61. Kg3 Rd8 62. Rh4 Ke2 63. Rh1 d1=R 64. Rxd1 Rxd1 65. Kg4 1/2-1/2

[Event "London Classic Open 2016"]
[Site "London ENG"]
[Date "2016.12.09"]
[Round "1.41"]
[White "Williams, Simon K"]
[Black "Iyengar, Ilya"]
[Result "1-0"]
[WhiteTitle "GM"]
[WhiteElo "2443"]
[BlackElo "2008"]
[WhiteFideId "404454"]
[BlackFideId "405949"]
[EventDate "2016.12.09"]

1. d4 Nf6 2. Bf4 g6 3. Nc3 d5 4. e3 Bg7 5. h4 c5 6. Nb5 Na6 7. a4 Bf5 8. c3 O-O
9. Be2 h5 10. Nf3 Ng4 11. Ne5 Nxe5 12. dxe5 Qd7 13. Rg1 Qe6 14. g4 hxg4 15. Bxg4
Bxg4 16. Qxg4 Qxg4 17. Rxg4 Rfd8 18. Ke2 c4 19. h5 Nc5 20. hxg6 f6 21. exf6 Bxf6
22. Rh1 a6 23. Nd4 e5 24. Nf5 exf4 25. g7 Kf7 26. Nh6+ Ke6 27. g8=Q+ Rxg8 28.
Nxg8 fxe3 29. Rh6 Rf8 30. Rgg6 Nd7 31. Kxe3 Kf5 32. Nxf6 Nxf6 33. Rxf6+ Rxf6 34.
Rxf6+ Kxf6 35. Kd4 Ke6 36. a5 Kd6 37. f3 Kc6 38. Ke5 Kb5 39. Kxd5 Kxa5 40. f4
Ka4 41. f5 Kb3 42. f6 Kxb2 43. Kxc4 a5 44. f7 a4 45. f8=Q a3 46. Qf2+ 1-0

[Event "London Classic Open 2016"]
[Site "London ENG"]
[Date "2016.12.09"]
[Round "1.42"]
[White "Lochte, Thomas"]
[Black "Cherniaev, Alexander"]
[Result "0-1"]
[BlackTitle "GM"]
[WhiteElo "2005"]
[BlackElo "2439"]
[WhiteFideId "4606272"]
[BlackFideId "4117301"]
[EventDate "2016.12.09"]

1. e4 g6 2. d4 Bg7 3. Nf3 d6 4. Bf4 Nc6 5. Bc4 Nf6 6. Nc3 O-O 7. h3 Nd7 8. O-O
a6 9. a4 h6 10. Qd2 Kh7 11. Rad1 e5 12. dxe5 Ncxe5 13. Nxe5 Nxe5 14. Bxe5 Bxe5
15. f4 Bg7 16. e5 Qh4 17. exd6 cxd6 18. Qf2 Qd8 19. Ne4 Qc7 20. b3 Rd8 21. Qh4
Kg8 22. Nf6+ Kh8 23. Rfe1 Bf5 24. Re2 b5 25. Bd5 Rac8 26. axb5 axb5 27. Rde1 Qc3
28. g4 Bxc2 29. g5 Rf8 30. Re7 Bxf6 31. Qxh6+ Kg8 32. gxf6 Qxf6 33. Be6 Qxe7 0-1

[Event "London Classic Open 2016"]
[Site "London ENG"]
[Date "2016.12.09"]
[Round "1.43"]
[White "Wells, Peter K"]
[Black "Rice, Chris B"]
[Result "1/2-1/2"]
[WhiteTitle "GM"]
[WhiteElo "2431"]
[BlackElo "2002"]
[WhiteFideId "400327"]
[BlackFideId "404446"]
[EventDate "2016.12.09"]

1. c4 c6 2. e4 e5 3. Nf3 d6 4. d4 Nd7 5. Nc3 Ngf6 6. Be2 Be7 7. O-O O-O 8. Be3
a6 9. d5 c5 10. Ne1 Ne8 11. a3 g6 12. Nd3 Ng7 13. b4 b6 14. f4 exf4 15. Bxf4 Bf6
16. Qe1 Qe7 17. bxc5 bxc5 18. Rb1 Re8 19. Kh1 Ne5 20. Nxe5 Bxe5 21. Qg3 Qc7 22.
Bxe5 Rxe5 23. Rf6 Bd7 24. Qf2 Be8 25. Bd3 Rb8 26. h3 Rxb1+ 27. Nxb1 Qe7 28. Nd2
Nf5 29. Rxf5 gxf5 30. Nf3 Rxe4 31. Qg3+ Kh8 32. Bxe4 fxe4 33. Ng1 Bd7 34. Ne2 f5
35. Nf4 Qf6 36. h4 Qg7 37. Qb3 Qg4 38. Qb2+ Kg8 39. Qb8+ Kf7 40. Qxd6 Qxh4+ 41.
Kg1 Qe1+ 42. Kh2 Qh4+ 43. Kg1 Qe1+ 44. Kh2 Qh4+ 45. Kg1 1/2-1/2

[Event "London Classic Open 2016"]
[Site "London ENG"]
[Date "2016.12.09"]
[Round "1.44"]
[White "Lechner, Marcus"]
[Black "Daulyte, Deimante"]
[Result "0-1"]
[BlackTitle "IM"]
[WhiteElo "2000"]
[BlackElo "2429"]
[WhiteFideId "1629034"]
[BlackFideId "12802859"]
[EventDate "2016.12.09"]

1. e4 e5 2. Nf3 Nc6 3. Bb5 a6 4. Ba4 Nge7 5. O-O g6 6. c3 Bg7 7. d4 exd4 8. cxd4
b5 9. Bb3 O-O 10. Nc3 Na5 11. Bc2 d6 12. h3 Bb7 13. Bf4 Qd7 14. Re1 Rad8 15. Qe2
Rfe8 16. a3 c5 17. Rad1 Qc8 18. dxc5 dxc5 19. Bg5 Rxd1 20. Rxd1 h6 21. Bf4 Nf5
22. Nxb5 axb5 23. Qxb5 Nd4 24. Nxd4 cxd4 25. Rc1 Nc6 26. f3 Ba6 27. Qb6 d3 28.
Bxd3 Bd4+ 0-1

[Event "London Classic Open 2016"]
[Site "London ENG"]
[Date "2016.12.09"]
[Round "1.45"]
[White "Flear, Glenn C"]
[Black "Stolarczyk, Anna"]
[Result "1-0"]
[WhiteTitle "GM"]
[BlackTitle "WCM"]
[WhiteElo "2428"]
[BlackElo "1992"]
[WhiteFideId "400165"]
[BlackFideId "1126423"]
[EventDate "2016.12.09"]

1. d4 d5 2. c4 c6 3. Nf3 e6 4. e3 Nf6 5. Nbd2 Nbd7 6. Bd3 c5 7. b3 cxd4 8. exd4
Bd6 9. Bb2 O-O 10. c5 Bc7 11. O-O Re8 12. Re1 e5 13. Nxe5 Bxe5 14. dxe5 Nxc5 15.
Bb1 Nfd7 16. Nf1 Nf8 17. Ne3 Be6 18. b4 Na6 19. a3 Qg5 20. Qd4 Ng6 21. g3 Ne7
22. f4 Qh5 23. f5 Bd7 24. e6 1-0

[Event "London Classic Open 2016"]
[Site "London ENG"]
[Date "2016.12.09"]
[Round "1.46"]
[White "Bhat, Vishal"]
[Black "Battaglini, Gabriel"]
[Result "0-1"]
[BlackTitle "IM"]
[WhiteElo "1989"]
[BlackElo "2426"]
[WhiteFideId "3216330"]
[BlackFideId "621650"]
[EventDate "2016.12.09"]

1. e4 c5 2. Nf3 e6 3. d4 cxd4 4. Nxd4 a6 5. Bd3 Bc5 6. Nb3 Be7 7. c4 d6 8. Nc3
Nc6 9. f4 Nf6 10. O-O b6 11. Qe2 Bb7 12. a3 h5 13. Rd1 h4 14. Be3 h3 15. g4 g5
16. e5 dxe5 17. fxg5 Nd7 18. g6 Qc7 19. gxf7+ Kxf7 20. Qf3+ Kg8 21. Rf1 Rf8 22.
Qe4 Rxf1+ 23. Rxf1 Nf8 24. Rxf8+ Kxf8 25. Qg6 Nd8 26. Bh6+ Rxh6 27. Qxh6+ Ke8
28. Qxh3 Nf7 29. Nd2 Qc5+ 30. Kf1 Qd4 31. Ke2 Bg5 32. Nb3 Qg1 33. Qg3 Qh1 34.
Bg6 Bf4 35. Qf2 Ke7 36. Bxf7 Kxf7 37. h4 Qh3 38. g5 Kg6 39. Nd2 Qh1 40. Qxb6
Qg2+ 41. Qf2 Qxf2+ 42. Kxf2 Bxd2 43. Na4 Bc1 44. Nc5 Bc6 45. b4 Bxa3 46. Nxa6 e4
47. b5 Bd7 48. b6 Bc8 49. Nc7 Bc5+ 50. Ke2 Bxb6 51. Ne8 Ba6 52. Nd6 Bc5 53. Nxe4
Bxc4+ 54. Kd2 Bd4 55. Ng3 Be5 56. Ne4 Bd5 57. Nf2 Bg3 58. Nd3 Bxh4 59. Ke3 Bxg5+
60. Kd4 Kf5 61. Nb4 Bf3 62. Nd3 Bf4 63. Ne1 Be4 0-1

[Event "London Classic Open 2016"]
[Site "London ENG"]
[Date "2016.12.09"]
[Round "1.47"]
[White "Pert, Richard G"]
[Black "Misyura, Ilya"]
[Result "1-0"]
[WhiteTitle "IM"]
[WhiteElo "2423"]
[BlackElo "1989"]
[WhiteFideId "404748"]
[BlackFideId "434183"]
[EventDate "2016.12.09"]

1. d4 Nf6 2. Nf3 d5 3. c4 c6 4. Nc3 g6 5. e3 Bg7 6. Be2 O-O 7. O-O Bg4 8. Qb3
Qb6 9. Qxb6 axb6 10. cxd5 cxd5 11. h3 Bxf3 12. Bxf3 e6 13. Bd2 Nc6 14. Rfc1 Rfd8
15. Nb5 Ne8 16. Be2 Bf8 17. Kf1 Nd6 18. Nc3 Ne8 19. Be1 Bb4 20. Bd1 Bxc3 21.
Rxc3 Na5 22. Rac1 Nd6 23. Be2 Rdc8 24. Rxc8+ Rxc8 25. Rxc8+ Nxc8 26. b3 Nc6 27.
Bd3 Nd6 28. Ke2 Kf8 29. h4 Ke7 30. f3 f5 31. Kd2 b5 32. a3 b4 33. a4 Kd7 34. Ke2
Nc8 35. Kf2 Ke7 36. g4 Kf6 37. Ke2 Kg7 38. Bg3 Kf6 39. Bc2 Ke7 40. Kd3 Nd6 41.
Ke2 Nc8 42. Bf4 h5 43. gxh5 gxh5 44. Kd3 Nd6 45. Bd1 Nc8 46. Bg3 Kf6 47. Be2 Kg6
48. Bf4 Kf6 49. Bg3 Kg6 50. e4 Kf6 51. Bd1 N8e7 52. Ke3 Nc8 53. Be1 N8e7 54. Be2
Nc8 55. Bg3 N8e7 56. Bc7 Nc8 57. exd5 exd5 58. a5 N8e7 59. Bb5 Kg6 60. Bd6 Kf7
61. Bxe7 Nxe7 62. Kf4 Kf6 63. Be8 Kg7 64. Ke5 Kf8 65. Bd7 Ng6+ 66. Kxd5 Nxh4 67.
Bc8 Ke7 68. Bxb7 Kd7 69. Ke5 Kc7 70. a6 Kb6 71. Kf4 Ng2+ 72. Kxf5 Ne3+ 73. Kg5
Nc2 74. Kxh5 Nxd4 75. Bd5 Kxa6 76. f4 Kb5 77. Kg6 Kc5 78. Bg8 Kd6 79. f5 Ke7 80.
f6+ Kf8 81. Bd5 Ne2 82. Kf5 Ng3+ 83. Ke5 Nh5 84. Bc4 Ke8 85. f7+ Ke7 86. Kd4 Nf6
87. Kc5 Nd7+ 88. Kxb4 1-0

[Event "London Classic Open 2016"]
[Site "London ENG"]
[Date "2016.12.09"]
[Round "1.48"]
[White "Bin-Suhayl, Ieysaa"]
[Black "Raghunandan, Kaumandur Srihari"]
[Result "0-1"]
[BlackTitle "IM"]
[WhiteElo "1988"]
[BlackElo "2423"]
[WhiteFideId "429031"]
[BlackFideId "25004964"]
[EventDate "2016.12.09"]

1. Nf3 Nf6 2. c4 g6 3. g3 Bg7 4. Bg2 O-O 5. O-O d6 6. d4 Nc6 7. Nc3 a6 8. Re1
Nd7 9. e4 e5 10. d5 Ne7 11. b4 a5 12. Rb1 axb4 13. Rxb4 b6 14. Nd2 f5 15. Rb1
Nf6 16. f3 h5 17. h3 g5 18. exf5 Nxf5 19. Nde4 Nxe4 20. Nxe4 Rxa2 21. Bxg5 Qe8
22. g4 Nd4 23. f4 hxg4 24. hxg4 Qg6 25. f5 Nxf5 26. gxf5 Bxf5 27. Bd2 Bh6 28.
Kh1 Bxd2 29. Nxd2 Qh6+ 30. Kg1 Rxd2 31. Qc1 Rxg2+ 32. Kxg2 Qh3+ 33. Kg1 Qg3+ 34.
Kh1 Kg7 35. Rb3 Rh8+ 0-1